Music Quiz

Random Music or Clickable Quiz

Beatles Beginnings Slot Machine Quiz Stats

 Plays Quiz Updated Apr 11, 2015

Challenge
Share
Tweet
Score 0/14 Timer 07:00
4 Plays Today
% Correct
Hey Jude
98.5%
Yesterday
97.6%
Help
97.4%
When I find myself in times of trouble
96.7%
You say 'yes'
96%
Something in the way she moves
91.8%
Oh yeah I'll tell you something
89.2%
% Correct
Lady Madonna
88.7%
I read the news today oh boy
87.7%
In Penny Lane there is a barber showing photographs
87.4%
Here come old flat top
86.7%
Let me take you down
86.3%
Blackbird singing in the dead of night
83.5%
Day after day
76.3%

You're not logged in!

Compare scores with friends on all Sporcle quizzes.
OR
Log In

You Might Also Like...

Show Comments

Extras

Top Quizzes Today


Score Distribution

Your Account Isn't Verified!

In order to create a playlist on Sporcle, you need to verify the email address you used during registration. Go to your Sporcle Settings to finish the process.

Report this User

Report this user for behavior that violates our Community Guidelines.

Details: